| 000 | 00827nam a22002893a 4500 | ||
|---|---|---|---|
| 001 | 16398557 | ||
| 003 | LC | ||
| 005 | 20160314150158.0 | ||
| 008 | 871125s1987 nyu 000 1 eng d | ||
| 010 | _a 98809092 | ||
| 020 | _a0843925485 | ||
| 035 | _a(OCoLC)ocm17063891 | ||
| 040 |
_aCSB _cCSB _dDLC |
||
| 050 | 0 | 0 |
_aPS 3568 _b.R632 1987 |
| 082 |
_aFIC _bR53e 1987 |
||
| 100 | 1 |
_aRobbins, David. _920587 |
|
| 245 | 1 | 0 |
_aDenver run / _cDavid Robbins. |
| 260 |
_aNew York : _bLeisure Books, _cc1987. |
||
| 300 |
_a223 p. ; _c17 cm. |
||
| 490 | 0 |
_aEndworld ; _v#8 |
|
| 490 | 0 | _aLeisure adventure | |
| 655 | 7 |
_aAdventure fiction. _2gsafd _93061 |
|
| 710 | 2 |
_aCopyright Paperback Collection (Library of Congress) _5DLC _9705 |
|
| 906 |
_a7 _bcbc _ccopycat _d2 _encip _f19 _gy-genrareb |
||
| 942 |
_2lcc _cBK |
||
| 999 |
_c11556 _d11556 |
||